| 000 | 00899nam a22002777a 4500 | ||
|---|---|---|---|
| 001 | BD-DhSAU 1270 | ||
| 001 | 1270 | ||
| 003 | BD-DhSAU | ||
| 005 | 20150113211745.0 | ||
| 008 | 150113s1982 -cna|||| ||| 001 0 eng d | ||
| 040 | _aBD-DhSAU | ||
| 082 |
_222 _a595.7 _bROE |
||
| 100 | _aRoss, Herbert H. | ||
| 245 |
_aA textbook of entomology / _cHerbert H Ross, Charles A. Ross, June R. P. Ross. |
||
| 250 | _a4th ed. | ||
| 260 |
_aNew York ; _aCamnada : _bJ. Wiley, _cc1982. |
||
| 300 |
_aviii, 666 p. : _bill. ; _g22 cm. |
||
| 504 | _aIncludes bibliographical references and index. | ||
| 590 | _amukta | ||
| 650 | _aEntomology. | ||
| 650 |
_aEntomologie _vManuels. |
||
| 650 |
_aInsetos Em Geral _vBiologia |
||
| 700 | _aRoss, Charles A. | ||
| 700 | _aRoss, June R. P. | ||
| 856 | _uhttps://www.worldcat.org/title/textbook-of-entomology/oclc/174147&referer=brief_results | ||
| 942 |
_2ddc _cBOOK |
||
| 999 |
_c1270 _d1270 |
||